| 000 | 00662nam0a22002171 4500 | ||
|---|---|---|---|
| 001 | rc\4684901 | ||
| 005 | 20250612004000.0 | ||
| 035 | _a(NLR Aleph) 008426559 | ||
| 090 |
_a9390459 _c9390459 |
||
| 100 | _a20130416d1968 |||y0rusy50 ca | ||
| 101 | 0 | _arus | |
| 102 | _aRU | ||
| 105 | _aa z ||||| | ||
| 200 | 1 |
_aÐоÑобие по оÑенке ÑадиаÑионной и Ñ
имиÑеÑкой обÑÑановки _fШÑаб ÐÐ ÐиÑовÑкой обл. |
|
| 210 |
_aÐиÑов _cÐ. и. _d1968 |
||
| 215 |
_a21 Ñ., 2 л. Ñаб. _cил. _d20 |
||
| 801 | 0 |
_aRU _bNLR _gpsbo |
|
| 801 | 1 |
_aRU _bELAR _2rusmarc |
|
| 852 |
_aNLR _j50Ð/19462 |
||
| 942 | _cBOOK | ||
| 980 | _aNB | ||